|
|
|
|
| LEADER |
00890nam a2200229 a 4500 |
| 001 |
00025591 |
| 008 |
120716s2001 enka j 000 1 eng |
| 020 |
|
|
|a 9780521007214
|
| 020 |
|
|
|a 0521007216
|
| 040 |
|
|
|a BD-DhAAL
|c BD-DhAAL
|
| 082 |
0 |
4 |
|a 428.6
|2 20
|
| 100 |
1 |
|
|a Rose, Gerald.
|
| 245 |
1 |
0 |
|a The Raven and the fox /
|c Gerald Rose.
|
| 260 |
|
|
|a Cambridge :
|b Cambridge University Press,
|c c2001.
|
| 300 |
|
|
|a 16 p. :
|b col. ill. ;
|c 23 cm.
|
| 490 |
0 |
|
|a Cambridge Storybooks.
|
| 541 |
1 |
|
|e 00025591
|
| 650 |
|
0 |
|a Readers
|x Juvenile literature.
|
| 653 |
|
1 |
|a English language
|a Reading books
|
| 852 |
1 |
|
|a Ayesha Abed library
|c General Shelf
|
| 999 |
|
|
|c 12602
|d 12602
|
| 952 |
|
|
|0 0
|1 0
|2 ddc
|4 0
|6 428_600000000000000_ROS
|7 0
|9 20794
|a BRACUL
|b BRACUL
|c GEN
|d 2012-07-22
|e karim International
|g 514.75
|l 1
|o 428.6 ROS
|p 3010025591
|r 2012-09-11
|s 2012-09-11
|t 1
|w 2012-07-22
|y BK
|x Transferred from BIL to BRACUL on 06/06/22
|